000 00593nam a2200181 i 4500
001 150921
003 ES-MaACL
005 20250717070758.0
007 t|
008 071120s1947 xxk ||||1| eng d
100 1 _aDas, M. M.
_942778
245 1 0 _aElectricity
_b: text book and laboratory manual for Inter B.Sc., Higher School Certificate, University Scholarship, etc. /
_cM. M. Das.
260 _aLondon :
_bThomas Murby,
_c[1947]
300 _aXI, 483 p. :
_bil. ;
_c21 cm.
650 1 7 _aElectricidad
_2embne
_912159
852 _aES-MaACL
_jC-4794
_bR.25244
999 _c150921
_d150921